000 01024nmm a2200289 a 4500
001 ocm000955227
003 TR-IsHL
005 20201028150220.0
008 150110s2014 tu tur
007 cr cn
020 _a9789758688340
035 _a955227
_b(N$T)
050 0 4 _aPR5820
_b.V319 2014
090 0 4 _aPR5820
_b.V319 2014
100 1 _aWilde, Oscar
245 1 0 _aVera veya nihilistler
_h[electronic resource] /
_cOscar Wilde ; İngilizce aslından çeviren Fatih Demirci
260 _aİstanbul :
_bDedalus Kitap,
_c2014
300 _a105 p.
500 _aÖzgün Adı: Vera or the Nihilists
_x
650 4 _aDil ve Edebiyat
650 4 _aLanguage and Literature
650 0 _aİngiliz draması
_xTürkçeye çeviri
650 0 _aEnglish drama
_xTranslations into Turkish
650 7 _aLITERARY COLLECTIONS / European / English, Irish, Scottish, Welsh
_2bisacsh
700 1 _aDemirci, Fatih
856 4 0 _uhttp://search.ebscohost.com/login.aspx?direct=true&scope=site&db=e011xww&AN=955227
999 _c10355
_d10355